000
00315nam a2200133Ia 4500
100
_a
Gosk/Earl/ Johnsonbaugn/R
942
_c
BK
654
_a
pattern recognition
245
_a
Pattern recognition and image analysis
260
_b
Prentice Hall
_c
2003
082
_a
6.4
_b
GOS
300
_a
484
546
_a
ENGLISH
999
_c
24656
_d
24656